Statistics for European Cities Quiz - Pictures

Click here to take the quiz!

General Stats

  • This quiz has been taken 91 times
  • The average score is 13 of 20

Answer Stats

Answer% Correct
London
99%
Moscow
95%
Venice
95%
Amsterdam
94%
Paris
90%
Athens
86%
Barcelona
83%
Prague
79%
Lisbon
63%
Budapest
60%
Vienna
56%
Munich
55%
Bucharest
52%
Sofia
52%
Kiev
51%
Warsaw
49%
Helsinki
46%
Reykjavik
37%
Talinn
7%
Olso
5%

Score Distribution

Percentile by Number Answered

Percent of People with Each Score

Your Score History

You have not taken this quiz